000 00998nam a22002417a 4500
005 20240305165458.0
007 cr|||| ||||
008 171204s2014 mx |||||s|||| 00||0 spa d
020 _a978-607-401-846-2
035 _a20728
040 _avLex
090 _c7258
_d7258
245 0 0 _aGrecia. Los Hebreos
_h[Recurso electrónico]:
_bAntología
256 _aServicio en línea
260 _aCiudad de México:
_bCámara de Diputados,
_c2014
300 _a1 recurso electrónico (198p.)
506 1 _aDisponible solo en los productos indicados
_dvLex Global
_dvLex Global (Academic Edition, excluding Law Schools)
_dvLex Global (U.S. Academic Edition, Law Schools)
_dvLex Global (U.S. Academic Edition, excluding Law Schools)
_dvLex Global (Academic Edition, Law Schools)
650 0 4 _aCiencias sociales
_zMéxico
650 0 4 _aHumanidades
_zMéxico
740 0 _avLex Libros (Servicio en línea)
856 4 0 _uhttps://app.vlex.com/#/sources/grecia-hebreos-antologia-20728
942 _cRAA
999 _c165497
_d165497